Normal view
MARC view
- Yassar,Mariam
Entry Personal Name
001 - CONTROL NUMBER
- control field: 5244
003 - CONTROL NUMBER IDENTIFIER
- control field: NUST
005 - DATE AND TIME OF LATEST TRANSACTION
- control field: 20171004132819.0
008 - FIXED-LENGTH DATA ELEMENTS
- fixed length control field: 171004|| aca||aabn | a|a d
040 ## - CATALOGING SOURCE
- Original cataloging agency: NUST
- Transcribing agency: NUST
100 ## - HEADING--PERSONAL NAME
- Personal name: Yassar,Mariam
670 ## - SOURCE DATA FOUND
- Source citation: Work cat.: (NUST): Yassar,Mariam, The expedition form millenium development goals to sustainable development goals (1990-2015) analysis of saarc and asean countries, 2017
